• AIU
  • Tony Wilmot Memorial Library

Church planting in Madagascar / (Record no. 25699)

MARC details
000 -LEADER
fixed length control field 00954nam a22002771a 4500
001 - CONTROL NUMBER
control field 9712483
005 - DATE AND TIME OF LATEST TRANSACTION
control field 20131218020002.0
008 - FIXED-LENGTH DATA ELEMENTS--GENERAL INFORMATION
fixed length control field 790430r19371937xx 000 0 eng
010 ## - LIBRARY OF CONGRESS CONTROL NUMBER
LC control number 38008213
-- 38008213
035 ## - SYSTEM CONTROL NUMBER
System control number (OCoLC)4908682
040 ## - CATALOGING SOURCE
Original cataloging agency DLC
Transcribing agency OCl
Modifying agency DLC
050 00 - LIBRARY OF CONGRESS CALL NUMBER
Classification number BV3625.M2
Item number G3
082 0# - DEWEY DECIMAL CLASSIFICATION NUMBER
Classification number BV 3625.M2G3 1937
-- BV 3625.M2G3 1937
100 1# - MAIN ENTRY--PERSONAL NAME
Personal name Gale, William Kendall,
Dates associated with a name 1873-1935.
245 10 - TITLE STATEMENT
Title Church planting in Madagascar /
Statement of responsibility, etc by William Kendall Gale; with a foreword by Dr. T. Cochrane.
260 ## - PUBLICATION, DISTRIBUTION, ETC. (IMPRINT)
Place of publication, distribution, etc London :
Name of publisher, distributor, etc The World dominion press,
Date of publication, distribution, etc [1937]
300 ## - PHYSICAL DESCRIPTION
Extent viii, 9-88 p. front. (port.) plates. 19 cm.
500 ## - GENERAL NOTE
General note "First published in 1937."
650 #0 - SUBJECT ADDED ENTRY--TOPICAL TERM
Topical term or geographic name as entry element Missions
Geographic subdivision Madagascar.
650 #0 - SUBJECT ADDED ENTRY--TOPICAL TERM
Topical term or geographic name as entry element Congregational churches
General subdivision Missions.
700 1# - ADDED ENTRY--PERSONAL NAME
Personal name Cochrane, Thomas,
Relator term ed.
906 ## - LOCAL DATA ELEMENT F, LDF (RLIN)
a 7
b cbc
c oclcrpl
d u
e ncip
f 19
g y-gencatlg
985 ## -
-- OCLC REPLACEMENT
991 ## -
-- c-GenColl
-- BV3625.M2
-- G3
-- Copy 1
-- OCLCREP
942 00 - ADDED ENTRY ELEMENTS (KOHA)
Koha issues (borrowed), all copies 1
Holdings
Withdrawn status Lost status Source of classification or shelving scheme Damaged status Not for loan Collection code Home library Current library Shelving location Date acquired Cost, normal purchase price Total Checkouts Total Renewals Full call number Barcode Date last seen Date checked out Copy number Price effective from Koha item type
    Library of Congress Classification     General Circulation AIU/NEGST - Tony Wilmot Memorial Library AIU/NEGST - Tony Wilmot Memorial Library General Stacks 12/04/2009 15.00 2 1 BV 3625.M2G3 1937 R52756M3232 03/12/2021 02/08/2021 1 12/04/2009 Books